| 000 | 00553nam a2200145Ia 4500 | ||
|---|---|---|---|
| 008 | 170221s9999 xx 000 0 und d | ||
| 100 | _aPellegrino, Robert J. | ||
| 245 | _aAdvertising in the Hispanic Market | ||
| 245 | _cRobert J. Pellegrino, Florida Memorial University; Kimberly C. Pellegrino, Florida Memorial University; Debra Perkins, Florida Memorial University. | ||
| 260 | _bJournal of Management and Marketing Research | ||
| 260 | _c2012 | ||
| 300 | _a32 : 4 | ||
| 650 | _xBusiness | ||
| 856 | _uhttp://www.aabri.com/manuscripts/162389.pdf | ||
| 999 |
_c311200 _d311200 |
||